Alles mit P - Geografie - Statistiken

Allgemein
  • Dieses Quiz wurde 265 mal gespielt
    163 seit der letzten Aktualisierung
  • Das Durchschnittsergebnis liegt bei 26 aus 44
Antwortstatistiken
Hint Antwort % Korrekt
Fluss in Italien Po
100%
Palau
94%
Panama
92%
Panama-Stadt
92%
Portugal
91%
eines der Weltmeere Pazifik
90%
Polen
89%
Brandenburg Potsdam
89%
Paraguay
83%
Peru
83%
Länder Pakistan
80%
Papua-Neuguinea
77%
Philippinen
75%
Prag
72%
Paris
70%
Inselstaat in der Karibik, der zu den USA gehört, aber kein Bundesstaat ist Puerto Rico
68%
Bayern Passau
63%
Gebirge in Europa Pyrenäen
63%
NRW Paderborn
61%
südliche Region in Argentinien und Chile Patagonien
59%
Baden-Württemberg Pforzheim
58%
Stadt in den USA, wo die Unabhängigkeitserklärungund die Verfassung unterzeichnet wurden Philadelphia
58%
Sachsen Plauen
58%
Pristina
58%
spanische Stadt bekannt für die Stierläufe Pamplona
57%
Podgorica
56%
Pjöngjang
54%
Port-au-Prince
50%
Phnom Penh
48%
Peking
47%
Port Moresby
46%
Pretoria
44%
Port of Spain
40%
Port Louis
39%
Paramaribo
37%
Niedersachsen Peine
37%
Porto Novo
33%
Praia
31%
Port Vila
26%
Fluss in Südamerika Parana
23%
Schnellstraße von Alaska bis Feuerland Panamericana
22%
Hauptstädte Palikir
19%
See in Mecklenburg-Vorpommern Plauer See
17%
Fluss im nördlichen, europäischen Teil Russlands Petschora
7%
Keine übereinstimmenden Quizze gefunden
Verteilung der Resultate
Anzahl Personen mit jedem Resultat
Perzentil nach korrekt beantworteten Fragen
Ihre Resultats-Entwicklung
Sie haben dieses Quiz seit der letzten Aktualisierung nicht gespielt